000 00357nam a2200133Ia 4500
008 240624s9999 xx 000 0 und d
041 _aeng
082 _a330 GNE
100 _aGNEEZY URI
245 _aWHY AXIS HIDDEN MOTIVES AND THE UNDISCOV
260 _c2013
_aNew York
_bRandom House Business Books
300 _axi, : 267 : p. : cm. ; 23
365 _cRS
999 _c24066
_d24066